000 00890 a2200229 4500
010 _aENG-89553
020 _c120.00
035 _aEN-73086
037 _bDBAD / PUB
082 1 4 _a651.7
090 _c11135
_d11135
100 1 _aShukla, Preeti
245 1 _aBusiness communication/
_cby Preeti Shukla; designed & edited by Gaurav Gupta
_b[for BBA/MBA of different Indian Universities and B.Com (Hons) I year of Delhi University]
250 _arev. ed
260 _aDelhi :
_bShree Mahavir Book Depot (Publishers)
_c2008
270 _a2603, Nai Sarak,
_b Delhi
_cDelhi :
_e110006
_k23262993, 23270792
_l011-23270792
_mmahavirpublications@hotmail.com
300 _a288p.
_c22 cm (pbk)
500 _aInclude appendix
700 _aGutpa, Gaurav
942 _adpl
_cEN
_k651.7 / SHU
999 _c10830
_d10830